000 00520nam a2200181Ia 4500
999 _c27315
_d27315
003 OSt
005 20201203100752.0
008 190216s9999||||xx |||||||||||||| ||und||
020 _a8171306292
040 _coclc
082 _a894.8123
_bONA/S
100 _aOnakkoor, George
_96302
245 0 _aSamathalangalkkappuram /
_cGeorge Onakkoor
260 _bD C Books Kerala,
_c1996.
_aKottayam:
300 _a164p
650 _aMalayalam Novel
942 _cBK
_2ddc
_h894.8123
_iONA/S
_k894.8123
_mONA/S